000
00217nam a22001097a 4500
003
OSt
008
231114b |||||||| |||| 00| 0 eng d
041
_a
mal
100
_a
M.R.B.
_9
4811
245
_a
Sooyan /
942
_c
BK
999
_c
17846
_d
17846